Регионална библиотека "Любен Каравелов" - Русе

Книга за Васил Бараков (Запис номер 115570)

MARC детайли
000 -Лидер
Контролно поле с фиксирана дължина 01410nam a2200361 c 4500
003 - Код на организацията, давaща контролен номер
Контролно поле BLK
005 - Дата и час на последна редакция
Контролно поле 20220818095732.0
008 - Елементи от данни с фиксирана дължина
fixed length control field 180409b bul|||||r ||||||| ||bul||
010 ## - Наследен системен номер
LC control number KNG00121055000
040 ## - Източник на каталожния запис
Идентификатор на билиотеката - собственик на записа BLK
041 ## - Код за език
Код за езика на текст/звукозапис или на отделно заглавие Български
Код за езика КДБФ Български
080 ## - УДК
Текстов определител УДК Живопис - художници
УДК код - определител по УДК 75.071.1
УДК определител (497.2)(092)
УДК - код + определител 75.071.1(497.2)(092)
080 ## - УДК
Текстов определител УДК Български художник(1902-1991)
УДК код - определител по УДК 929 Бараков, Васил Христов
УДК определител
УДК - код + определител 929 Бараков, Васил Христов
100 1# - Редна дума - Автор
Автор Стефанова, Невена
Авторска отговорност първи автор
R(LIN) 365481
139 ## - Редно поле
Редна дума Стефанова, Невена
Авторски знак Бар - Б 26
245 10 - Сведения за заглавието
Заглавие Книга за Васил Бараков
Редно поле (дума) Невена Стефанова.
257 ## - Страна на издаване
Страна на създаване/издаване България
260 ## - Област на издателските данни
-- Пловдив
Име на издателя, разпространителя и проч. Христо Г. Данов
Година на издаване 1981
300 ## - Физическа характеристика
Страници 208 с., 16 л.
Илюстрации и др. репрод.
Размери/Мащаб 21 см
380 ## - Жанр
Жанр Изкуство
600 14 - Име на лице, използвано като предмет
За него / За нея Бараков, Васил
9 (RLIN) 313916
650 #4 - Допълнително описание по предмет – тема
Основно описание – тема или топоним Художници, български
9 (RLIN) 246650
650 #4 - Допълнително описание по предмет – тема
Основно описание – тема или топоним Художници - биографии
9 (RLIN) 269538
653 ## - Ключова дума – ненормативна
Ключова дума художници
653 ## - Ключова дума – ненормативна
Ключова дума живопис
653 ## - Ключова дума – ненормативна
Ключова дума България
653 ## - Ключова дума – ненормативна
Ключова дума Бараците
852 ## - Местоположение
Форматна сигнатура Цб 112104
856 4# - Електронен адрес и достъп
Електронен формат pdf - файл
Път до файла /url/
856 4# - Електронен адрес и достъп
Електронен формат pdf - файл
Път до файла /url/
942 ## - АРТИКУЛИ
Вид на библиотечния материал Книги
Скрит в OPAC Не
Koha issues (borrowed), all copies 1
944 ## - СЪЗДАВАНЕ И РЕДАКЦИЯ на ЗАПИСА
Създаване/Редакция Създаване
Дата на регистрацията/редакция 29.01.2011
Статус, дата на статуса добави в АБ / 28.01.2011
Служител, извършил регистрацията/редакцията Ирена_Линкова
944 ## - СЪЗДАВАНЕ И РЕДАКЦИЯ на ЗАПИСА
Създаване/Редакция Редакция
Дата на регистрацията/редакция 13.01.2015
Статус, дата на статуса добави в АБ / 28.01.2011
Служител, извършил регистрацията/редакцията Ирена_Линкова
999 ## - СИСТЕМНИ КОНТРОЛНИ НОМЕРА
Koha biblionumber 115570
Koha biblioitemnumber 115570
Наличности
Код за отписване Код за изгубен артикул Източник на класификационната схема Код за повреда Коз за рестрикции Код за отдаване Артикулен № Име на библиотеката - собственик Име на библиотеката, в която се намира в момента Статус (Текущо местоположение) Дата на вписване в системата Местоположение - отдел Цена в лева Инвентарен номер Систематично азбучна сигнатура Баркод Номер на екземпляра Цена в евро Служебна бележка Служебен тип на артикула
Изтеглен Не е изгубен Universal Decimal Classification Не е повреден без рестрикции заемане за дома 185701 Регионална библиотека "Любен Каравелов" Русе Регионална библиотека "Любен Каравелов" Русе Отдел Изкуство - подръчен фонд 1981-01-01 Отдел Изкуство - подръчен фонд 2.08 340363 75(497.2)(092)/Б 26 340363 1 1.06 N: стар фонд Дата: 01.01.1981 Дата инв: 08.06.2012 Бележки инв: * Книги
  Не е изгубен Universal Decimal Classification Не е повреден без рестрикции заемане за дома 185702 Регионална библиотека "Любен Каравелов" Русе Регионална библиотека "Любен Каравелов" Русе Отдел Изкуство - подръчен фонд 1981-01-01 Отдел Изкуство - подръчен фонд 2.08 340361 75(497.2)(092)/Б 26 120000340361 2 1.06 Дост: Pk Вид: Ф N: стар фонд Дата: 01.01.1981 Дата инв: 13.02.2015 Бележки инв: ИП2015 Книги
Изтеглен Не е изгубен Universal Decimal Classification Не е повреден без рестрикции заемане за дома 185703 Регионална библиотека "Любен Каравелов" Русе Регионална библиотека "Любен Каравелов" Русе Отдел Изкуство - подръчен фонд 1981-01-01 Отдел Изкуство - подръчен фонд 2.08 613686 75(497.2)(092)/Б 26 613686 3 1.06 Дост: Pk Вид: Ф N: стар фонд Дата: 01.01.1981 Дата инв: 13.02.2015 Бележки инв: ИП2015 Книги
  Не е изгубен Universal Decimal Classification Не е повреден само за читалня ползва се в читалня 185704 Регионална библиотека "Любен Каравелов" Русе Регионална библиотека "Любен Каравелов" Русе Хранилище 1981-01-01 Хранилище 2.07 341777 Цб 112104 900000020801 4 1.06 Дост: Dp Вид: Д N: сф Дата: 01.01.1981 Книги
Vip Innovations Ltd, Rousse, Bulgaria 2025